| 000 | 00902 a2200157 4500 | ||
|---|---|---|---|
| 003 | NUST | ||
| 005 | 20221229153617.0 | ||
| 040 | _cNust | ||
| 082 | _a355.8251119,NUC | ||
| 100 |
_aP.R.Chari _9106416 |
||
| 245 |
_aNuclear Non-Proliferation in India and Pakistan South Asian Perspectives / _cP.R.Chari |
||
| 260 |
_aSri Lanka _bManohar _c1996 |
||
| 300 | _a236 p.; | ||
| 505 | _aIntroduction (Page-9), India Nuclear Weapon Capabilities (Page-21), India Nuclear Option and National Security (Page-42), India’s Nuclear Option : Future Directions (Page-60), Pakistan’s Nuclear Program me : Technology Dimensions (Page-87), Pakistan’s Nuclear Policies (Page-103), Nuclear Developments in Pakistan (Page-131), The Nuclear Issue and Instability in South Asia (Page-149), Nuclear Non-Proliferation in South Asia (Page-168), Nuclear Non-Proliferation (Page-195). | ||
| 942 |
_2ddc _cBK _k355.825119,NUC |
||
| 999 |
_c194253 _d194253 |
||